00000000nam 2200000za 4500
0019.863402
003CaOODSP
00520221107161252
007cr |||||||||||
008181018s2018    oncd    ob   f000 0 fre d
040 |aCaOODSP|bfre
043 |an-cn---
0861 |aXC67-1/1-421-12F-PDF
1101 |aCanada. |bParlement. |bChambre des communes. |bComité permanent des ressources humaines, du développement des compétences, du développement social et de la condition des personnes handicapées.
24512|aL’apprentissage par l’expérience et la préparation au marché du travail à l’intention des jeunes canadiens |h[ressource électronique] / |cle président, Bryan May.
260 |a[Ottawa] : |bChambre des communes, Canada, |c2018.
300 |a1 ressource en ligne (xi, 121 pages) : |bcartes en couleur.
4901 |aRapport du Comité permanent des ressources humaines, du développement des compétences, du développement social et de la condition des personnes handicapées ; |v12e rapport, 42e législature, 1re session
500 |aPublié aussi en anglais sous le titre : Experiential learning and pathways to employment for Canadian youth.
500 |a« Octobre 2018. »
500 |aÉgalement publié en format HTML.
504 |aComprends des réferences bibliographiques.
520 |a« Le marché de l’emploi a subi des transformations profondes au courant des dernières décennies dans plusieurs pays du monde. À présent, de nombreux jeunes canadiens éprouvent des difficultés à intégrer le marché du travail à la fin de leur parcours scolaire. Les défis rencontrés sont aussi divers que les profils de ces jeunes. Ainsi, une question complexe émerge : Comment le Canada peut-il faciliter la transition des jeunes des études vers le marché du travail? » -- Introd., p. 7.
69207|2gccst|aEmploi
69207|2gccst|aMarché du travail
69207|2gccst|aJeunesse
69207|2gccst|aPolitique gouvernementale
7001 |aMay, Bryan, |d1974-
77508|tExperiential learning and pathways to employment for Canadian youth |w(CaOODSP)9.863401
830#0|aRapport du Comité permanent des ressources humaines, du développement des compétences, du développement social et de la condition des personnes handicapées ;|v12e rapprt, 42e législature, 1re session.|w(CaOODSP)9.503393
85640|qPDF|s5.92 Mo|uhttps://publications.gc.ca/collections/collection_2018/parl/xc67-1/XC67-1-1-421-12-fra.pdf
8564 |qHTML|sS.O.|uhttps://www.noscommunes.ca/DocumentViewer/fr/42-1/HUMA/rapport-12